LINQ programming / (Record no. 26602)

MARC details
000 -LEADER
fixed length control field 00930nam a22002658a 4500
005 - DATE AND TIME OF LATEST TRANSACTION
control field 20090520110717.0
008 - FIXED-LENGTH DATA ELEMENTS--GENERAL INFORMATION
fixed length control field 081125s2009 cau 001 0 eng
010 ## - LCCN (DPL NO)
LC control number ENG-93620
020 ## - INTERNATIONAL STANDARD BOOK NUMBER
International Standard Book Number 97800070142190
Terms of availability 495.00
020 ## - INTERNATIONAL STANDARD BOOK NUMBER
International Standard Book Number 0007014219X
Terms of availability 495.00
035 ## - SYSTEM CONTROL NUMBER
System control number EN-77153
037 ## - SOURCE OF ACQUISITION
Source of stock number/acquisition DBAD / PUB
040 ## - CATALOGING SOURCE
Original cataloging agency dpl
Language of cataloging English
082 ## - DEWEY DECIMAL CLASSIFICATION NUMBER
Classification number 006.7882
100 ## - MAIN ENTRY--PERSONAL NAME
Personal name Mayo, Joe
245 ## - TITLE STATEMENT
Title LINQ programming /
Statement of responsibility, etc by Joe Mayo
260 ## - PUBLICATION, DISTRIBUTION, ETC. (IMPRINT)
Place of publication, distribution, etc New Delhi
Name of publisher, distributor, etc Tata McGraw-Hill
Date of publication, distribution, etc 2009
270 ## - ADDRESS
Address 7 West Patel Nagar,
City New Delhi
Postal code 110008
300 ## - PHYSICAL DESCRIPTION
Extent xxiv, 360p.
Dimensions 25cm(pbk)
500 ## - GENERAL NOTE
General note Includes index.
650 ## - SUBJECT ADDED ENTRY--TOPICAL TERM
Topical term or geographic name as entry element Query languages (Computer science)
650 ## - SUBJECT ADDED ENTRY--TOPICAL TERM
Topical term or geographic name as entry element Microsoft .NET Framework.
942 ## - ADDED ENTRY ELEMENTS (KOHA)
Source of classification or shelving scheme Dewey Decimal Classification
Item type English Books
Classification part 006.7882
Call number suffix MAY
Holdings
Withdrawn status Lost status Source of classification or shelving scheme Damaged status Not for loan Collection code Home library Current library Date acquired Source of acquisition Cost, normal purchase price Total Checkouts Full call number Barcode Date last seen Copy number Cost, replacement price Koha item type
    Dewey Decimal Classification   Not For Loan Non-fiction D.B.Act.Division D.B.Act.Division 20/05/2009 DBAD / PUB 495.00   006.7882 MAY EN-77153 20/05/2009 1 495.00 English Books

© Delhi Public Library
Hit Counter
free hit counter